[Event "KAZ Cup Women 2019"]
[Site "Almaty"]
[Date "2019.12.14"]
[Round "4.3"]
[White "Gvetadze, Sofio"]
[Black "Kim, Kristina"]
[Result "1-0"]
[WhiteElo "2301"]
[BlackElo "1975"]
[Annotator "RC"]
[PlyCount "83"]
[EventDate "2019.12.12"]
[EventType "tourn"]
[EventCountry "KAZ"]
[SourceTitle "playchess.com"]
[Source "ChessBase"]
[SourceQuality "1"]
[TimeControl "40/5400+30:1800+30"]

1. e4 {[%emt 0:00:00]} g6 {[%emt 0:17:31]} 2. d4 {[%emt 0:00:00]} Bg7 {[%emt 0:00:06]} 3. Nc3 {[%emt 0:00:00]} c6 {[%emt 0:00:06]} 4. h3 {[%emt 0:00:01]} d5 {[%emt 0:00:08]} 5. Nf3 {[%emt 0:00:15]} Nh6 {[%emt 0:00:15]} 6. Bd3 {[%emt 0:01:46]} f6 {[%emt 0:00:28]} 7. Qe2 {[%emt 0:00:41]} O-O {[%emt 0:00:40]} 8. exd5 {[%emt 0:00:36]} cxd5 {[%emt 0:00:45]} 9. Nxd5 {[%emt 0:01:37]} Kh8 {[%emt 0:12:10]} 10. Ne3 {[%emt 0:02:58]} Nc6 {[%emt 0:04:55]} 11. c3 {[%emt 0:00:26]} e5 {[%emt 0:03:25]} 12. dxe5 {[%emt 0:01:07]} fxe5 {[%emt 0:00:06]} 13. Nd2 {[%emt 0:06:30]} Nf5 {[%emt 0:02:23]} 14. Ne4 {[%emt 0:00:34]} Nh4 {[%emt 0:04:07]} 15. Bd2 {[%emt 0:02:01]} Bh6 {[%emt 0:04:30]} 16. O-O-O {[%emt 0:09:23]} Qa5 {[%emt 0:02:39]} 17. Bc4 {[%emt 0:03:01]} a6 {[%emt 0:07:27]} 18. Nd6 {[%emt 0:03:02]} Qc7 {[%emt 0:09:17]} 19. Nxc8 {[%emt 0:02:01]} Raxc8 {[%emt 0:01:14]} 20. Kb1 {[%emt 0:03:50]} Bxe3 {[%emt 0:01:23]} 21. fxe3 {[%emt 0:11:12]} e4 {[%emt 0:01:43]} 22. Bd5 {[%emt 0:02:00]} Qe7 {[%emt 0:02:39]} 23. c4 {[%emt 0:01:10]} h5 {[%emt 0:00:57]} 24. Rhf1 {[%emt 0:05:00]} Nf5 {[%emt 0:04:18]} 25. Qe1 {[%emt 0:00:44]} h4 {[%emt 0:01:27]} 26. Qe2 {[%emt 0:11:03]} Ng3 {[%emt 0:00:07]} 27. Rxf8+ {[%emt 0:00:05]} Rxf8 {[%emt 0:00:05]} 28. Qg4 {[%emt 0:00:18]} Kh7 {[%emt 0:00:27]} 29. Bc3 {[%emt 0:02:02]} Rf5 {[%emt 0:01:20]} 30. a3 {[%emt 0:03:57]} g5 {[%emt 0:04:27]} 31. Bxc6 {[%emt 0:02:19]} bxc6 {[%emt 0:00:05]} 32. Be1 {[%emt 0:00:14]} Kg6 {[%emt 0:04:49]} 33. Bxg3 {[%emt 0:00:19]} hxg3 {[%emt 0:00:06]} 34. Qxg3 {[%emt 0:00:07]} Qc5 {[%emt 0:00:11]} 35. Rd4 {[%emt 0:10:40]} Re5 {[%emt 0:02:41]} 36. Qg4 {[%emt 0:01:06]} Qe7 {[%emt 0:00:41]} 37. Qc8 {[%emt 0:00:56]} Qe6 {[%emt 0:01:02]} 38. Qd8 {[%emt 0:00:27]} Kh5 {[%emt 0:00:46]} 39. Rd6 {[%emt 0:02:33]} Qe8 {[%emt 0:01:12]} 40. Qf6 {[%emt 0:00:11]} Kh4 {[%emt 0:00:39]} 41. Qf2+ {[%emt 0:30:06]} Kh5 {[%emt 0:30:08]} 42. g4# {[%emt 0:00:05]} 1-0

[Event "KAZ Cup Women 2019"]
[Site "Almaty"]
[Date "2019.12.14"]
[Round "4.4"]
[White "Tomilova, Elena"]
[Black "Balabayeva, Xeniya"]
[Result "1/2-1/2"]
[WhiteElo "2341"]
[BlackElo "2119"]
[Annotator "RC"]
[PlyCount "80"]
[EventDate "2019.12.12"]
[EventType "tourn"]
[EventCountry "KAZ"]
[SourceTitle "playchess.com"]
[Source "ChessBase"]
[SourceQuality "1"]
[TimeControl "40/5400+30:1800+30"]

1. d4 {[%emt 0:00:00]} e6 {[%emt 0:02:44]} 2. Nf3 {[%emt 0:00:00]} Nf6 {[%emt 0:00:38]} 3. e3 {[%emt 0:00:06]} b6 {[%emt 0:02:37]} 4. Bd3 {[%emt 0:00:13]} Bb7 {[%emt 0:00:28]} 5. O-O {[%emt 0:00:11]} c5 {[%emt 0:03:03]} 6. c4 {[%emt 0:00:18]} Nc6 {[%emt 0:01:27]} 7. Nc3 {[%emt 0:05:49]} d5 {[%emt 0:04:17]} 8. cxd5 {[%emt 0:02:05]} Nxd5 {[%emt 0:01:46]} 9. Nxd5 {[%emt 0:06:49]} Qxd5 {[%emt 0:03:22]} 10. e4 {[%emt 0:01:16]} Qd7 {[%emt 0:04:18]} 11. d5 {[%emt 0:02:38]} exd5 {[%emt 0:11:19]} 12. exd5 {[%emt 0:02:54]} Qxd5 {[%emt 0:03:13]} 13. Re1+ {[%emt 0:02:50]} Be7 {[%emt 0:00:42]} 14. Qe2 {[%emt 0:16:16]} O-O {[%emt 0:12:46]} 15. Be4 {[%emt 0:02:58]} Qh5 {[%emt 0:06:55]} 16. Bf4 {[%emt 0:06:30]} Bf6 {[%emt 0:07:30]} 17. Rad1 {[%emt 0:02:04]} Rad8 {[%emt 0:07:54]} 18. Rxd8 {[%emt 0:06:40]} Nxd8 {[%emt 0:05:38]} 19. Bd6 {[%emt 0:03:55]} Re8 {[%emt 0:01:20]} 20. Bxh7+ {[%emt 0:08:54]} Kxh7 {[%emt 0:00:11]} 21. Qxe8 {[%emt 0:01:30]} Bxf3 {[%emt 0:02:19]} 22. gxf3 {[%emt 0:00:09]} Ne6 {[%emt 0:00:18]} 23. Qa8 {[%emt 0:08:08]} Ng5 {[%emt 0:01:30]} 24. Re8 {[%emt 0:08:10]} Nxf3+ {[%emt 0:02:31]} 25. Kh1 {[%emt 0:00:16]} g6 {[%emt 0:01:21]} 26. Qb7 {[%emt 0:01:47]} Ng5 {[%emt 0:02:40]} 27. Re1 {[%emt 0:03:18]} Kg7 {[%emt 0:05:10]} 28. Qa8 {[%emt 0:00:23]} Bxb2 {[%emt 0:03:17]} 29. f4 {[%emt 0:02:27]} Nf3 {[%emt 0:01:03]} 30. Re2 {[%emt 0:01:45]} Nh4 {[%emt 0:01:53]} 31. Qf8+ {[%emt 0:01:18]} Kh7 {[%emt 0:00:17]} 32. Qxf7+ {[%emt 0:00:14]} Bg7 {[%emt 0:00:09]} 33. Bf8 {[%emt 0:02:08]} Qf3+ {[%emt 0:00:28]} 34. Kg1 {[%emt 0:00:02]} Nf5 {[%emt 0:00:14]} 35. Bxg7 {[%emt 0:01:29]} Qxe2 {[%emt 0:01:02]} 36. Bf8+ {[%emt 0:00:38]} Kh8 {[%emt 0:00:20]} 37. Qf6+ {[%emt 0:00:28]} Kh7 {[%emt 0:00:19]} 38. Qf7+ {[%emt 0:00:01]} Kh8 {[%emt 0:00:06]} 39. Qf6+ {[%emt 0:00:03]} Kh7 {[%emt 0:00:05]} 40. Qf7+ {[%emt 0:00:12]} Kh8 {[%emt 0:00:06]} 1/2-1/2

[Event "KAZ Cup Women 2019"]
[Site "Almaty"]
[Date "2019.12.14"]
[Round "4.5"]
[White "Davletbayeva, Madina"]
[Black "Khomeriki, Nino"]
[Result "1-0"]
[WhiteElo "2238"]
[BlackElo "2355"]
[Annotator "ChessBase"]
[PlyCount "135"]
[EventDate "2019.12.12"]
[EventType "tourn"]
[EventCountry "KAZ"]
[SourceTitle "playchess.com"]
[Source "ChessBase"]
[SourceQuality "1"]
[TimeControl "40/5400+30:1800+30"]

1. e4 {[%emt 0:00:00]} c5 {[%emt 0:00:00]} 2. Nf3 {[%emt 0:00:18]} Nc6 {[%emt 0:00:00]} 3. Bb5 {[%emt 0:03:43]} g6 {[%emt 0:00:10]} 4. Bxc6 {[%emt 0:00:10]} bxc6 {[%emt 0:00:14]} 5. O-O {[%emt 0:01:08]} Bg7 {[%emt 0:00:13]} 6. Re1 {[%emt 0:01:24]} Qc7 {[%emt 0:00:24]} 7. c3 {[%emt 0:00:53]} d6 {[%emt 0:00:39]} 8. h3 {[%emt 0:00:40]} Nf6 {[%emt 0:00:48]} 9. d4 {[%emt 0:02:54]} cxd4 {[%emt 0:00:18]} 10. cxd4 {[%emt 0:00:05]} O-O {[%emt 0:00:28]} 11. Nc3 {[%emt 0:02:14]} c5 {[%emt 0:01:55]} 12. e5 {[%emt 0:12:06]} dxe5 {[%emt 0:02:26]} 13. dxe5 {[%emt 0:01:05]} Rd8 {[%emt 0:08:26]} 14. Qa4 {[%emt 0:02:38]} Nh5 {[%emt 0:00:30]} 15. Be3 {[%emt 0:06:06]} Bb7 {[%emt 0:03:46]} 16. Ne4 {[%emt 0:03:17]} Bxe5 {[%emt 0:18:13]} 17. Nxe5 {[%emt 0:04:36]} Qxe5 {[%emt 0:00:08]} 18. Nxc5 {[%emt 0:02:09]} Bd5 {[%emt 0:00:16]} 19. b3 {[%emt 0:03:35]} Qf6 {[%emt 0:04:13]} 20. Rad1 {[%emt 0:04:34]} Ng7 {[%emt 0:00:29]} 21. Ne4 {[%emt 0:09:33]} Qe5 {[%emt 0:03:53]} 22. Bd4 {[%emt 0:03:36]} Qc7 {[%emt 0:02:22]} 23. Rc1 {[%emt 0:04:09]} Qf4 {[%emt 0:02:02]} 24. Bxg7 {[%emt 0:01:54]} Kxg7 {[%emt 0:00:25]} 25. Nc3 {[%emt 0:00:38]} Qxa4 {[%emt 0:03:23]} 26. Nxa4 {[%emt 0:00:30]} Rd7 {[%emt 0:03:30]} 27. Nc5 {[%emt 0:00:27]} Rd6 {[%emt 0:01:35]} 28. Rxe7 {[%emt 0:00:38]} Kf6 {[%emt 0:00:06]} 29. Rc7 {[%emt 0:02:27]} a6 {[%emt 0:05:54]} 30. Rd1 {[%emt 0:02:14]} Rad8 {[%emt 0:01:10]} 31. Ra7 {[%emt 0:01:21]} Ke5 {[%emt 0:00:49]} 32. Rxa6 {[%emt 0:01:19]} Rxa6 {[%emt 0:00:14]} 33. Nxa6 {[%emt 0:00:05]} Rc8 {[%emt 0:00:01]} 34. Nb4 {[%emt 0:01:16]} Be6 {[%emt 0:00:05]} 35. Kf1 {[%emt 0:01:48]} g5 {[%emt 0:00:17]} 36. Ke2 {[%emt 0:00:26]} h5 {[%emt 0:00:02]} 37. f3 {[%emt 0:02:49]} f5 {[%emt 0:00:42]} 38. Rd2 {[%emt 0:03:24]} h4 {[%emt 0:02:05]} 39. Rc2 {[%emt 0:00:29]} Re8 {[%emt 0:00:01]} 40. Kf2 {[%emt 0:01:04]} g4 {[%emt 0:01:44]} 41. Re2+ {[%emt 0:36:20]} Kd6 {[%emt 0:30:11]} 42. Rd2+ {[%emt 0:00:44]} Ke5 {[%emt 0:02:37]} 43. Nd3+ {[%emt 0:07:11]} Kf6 {[%emt 0:00:06]} 44. Re2 {[%emt 0:00:39]} Rc8 {[%emt 0:03:20]} 45. Nf4 {[%emt 0:02:34]} Bf7 {[%emt 0:01:13]} 46. Nd3 {[%emt 0:00:00]} Rc3 {[%emt 0:00:00]} 47. Ke3 {[%emt 0:00:00]} gxh3 {[%emt 0:00:00]} 48. gxh3 {[%emt 0:00:00]} Bh5 {[%emt 0:00:00]} 49. Kd2 {[%emt 0:00:00]} Rc8 {[%emt 0:00:00]} 50. Re3 {[%emt 0:00:00]} Bf7 {[%emt 0:00:00]} 51. f4 {[%emt 0:00:00]} Bd5 {[%emt 0:00:00]} 52. Ne5 {[%emt 0:00:00]} Be4 {[%emt 0:00:00]} 53. Nc4 {[%emt 0:00:00]} Rg8 {[%emt 0:00:00]} 54. a4 {[%emt 0:00:00]} Rg2+ {[%emt 0:00:00]} 55. Kc3 {[%emt 0:00:00]} Rf2 {[%emt 0:00:00]} 56. a5 {[%emt 0:00:00]} Rxf4 {[%emt 0:00:00]} 57. a6 {[%emt 0:00:00]} Rf1 {[%emt 0:00:00]} 58. b4 {[%emt 0:00:00]} Bg2 {[%emt 0:00:00]} 59. Re2 {[%emt 0:00:00]} Rc1+ {[%emt 0:00:00]} 60. Rc2 {[%emt 0:00:00]} Rxc2+ {[%emt 0:00:00]} 61. Kxc2 {[%emt 0:00:00]} Bxh3 {[%emt 0:00:00]} 62. Ne3 {[%emt 0:00:00]} Bg2 {[%emt 0:00:00]} 63. Nxg2 {[%emt 0:00:00]} h3 {[%emt 0:00:00]} 64. Nf4 {[%emt 0:00:00]} h2 {[%emt 0:00:00]} 65. Nh5+ {[%emt 0:00:00]} Kg5 {[%emt 0:00:00]} 66. Ng3 {[%emt 0:00:00]} f4 {[%emt 0:00:00]} 67. Nh1 {[%emt 0:00:00]} f3 {[%emt 0:00:00]} 68. a7 {[%emt 0:00:00]} 1-0

[Event "KAZ Cup Women 2019"]
[Site "Almaty"]
[Date "2019.12.15"]
[Round "5.1"]
[White "Khomeriki, Nino"]
[Black "Dauletova, Gulmira"]
[Result "1/2-1/2"]
[WhiteElo "2355"]
[BlackElo "2250"]
[Annotator "TA"]
[PlyCount "172"]
[EventDate "2019.12.12"]
[EventType "tourn"]
[EventCountry "KAZ"]
[SourceTitle "playchess.com"]
[Source "ChessBase"]
[SourceQuality "1"]

{[%evp 10,171,17,25,39,31,50,62,57,41,27,0,5,0,0,0,0,0,0,0,0,0,0,0,0,0,0,0,0,-72,-72,-95,-80,-87,-41,-110,0,0,0,2,192,101,82,85,110,97,106,104,130,138,146,89,99,78,81,79,101,57,118,71,63,0,0,0,8,8,8,0,0,0,0,0,0,0,0,0,0,0,0,0,0,0,0,0,0,0,0,0,0,0,0,0,0,0,0,0,0,0,0,0,0,0,0,0,0,0,0,0,0,0,0,0,0,0,0,0,0,0,0,0,0,0,0,0,0,0,0,0,0,0,0,0,0,0,0,0,0,0,0,0,0,0,0,0,0,0,0,0,0,0,0,0,0,0,0,0,0,0,0,0,0,0,0,0]} 1. d4 Nf6 2. c4 e6 3. Nf3 d5 4. Nc3 Bb4 5. Bg5 Nbd7 6. e3 h6 {D38: Queen's Gambit Declined: Ragozin Defence (4 Nf3 Bb4)} 7. Bh4 g5 8. Bg3 Ne4 {White is slightly better.} 9. Qc2 h5 10. cxd5 exd5 11. Bd3 h4 12. Bxe4 dxe4 13. Qxe4+ Kf8 14. Be5 $1 {[%cal Re5h8] [#]} Bxc3+ $146 ({Predecessor:} 14... f6 15. Qg6 fxe5 16. Nxg5 {0-1 (40) Postny,E (2630)-Sokolov,I (2623) Montpellier 2015}) 15. bxc3 f6 $36 {[%mdl 2048] Black has the initiative.} 16. Qg6 Rg8 17. Qh6+ Kf7 18. Qh7+ Kf8 19. Nxh4 (19. Bf4 $11) 19... Nxe5 $17 20. dxe5 gxh4 21. Qxh4 Bg4 (21... Rxg2 $6 22. Rd1 $11) 22. f3 (22. h3 $1 $15 Be6 23. Rd1 (23. exf6 Qd5 $17)) 22... Qd3 (22... Be6 $17 23. O-O f5 24. Qh6+ Kf7) 23. Qh6+ {[#]} ({Wrong is} 23. Qxf6+ $2 Ke8 $17) 23... Ke8 $1 24. fxg4 Rd8 $2 {[#]} (24... Rxg4 $11 {and Black has nothing to worry.} 25. Qh3 (25. Qh8+ Kd7 $17) 25... Qxc3+ {[%mdl 64] Double Attack} 26. Kf2 Qc2+ 27. Kg1 Qe4) 25. h3 ({And not} 25. exf6 Rd6 $11) (25. Qh5+ $1 $18 Kf8 26. Kf2) 25... Qxc3+ $16 {[%mdl 64] Double Attack} 26. Kf2 {Threatens to win with Rhd1.} Rd2+ {[#]} 27. Kg3 $1 Qxe5+ 28. Qf4 Qxf4+ 29. exf4 {[%mdl 4096] Endgame KRR-KRR} Rd3+ 30. Kh2 (30. Kf2 $142) 30... c5 31. Rhd1 (31. Rab1 {seems wilder.} b6 32. Rb3 Rd7 33. a4 Kf7 34. Rc1) 31... Rxd1 32. Rxd1 {KR-KR} Ke7 33. Kg3 c4 ({Black should play} 33... b5 $14) 34. Kf3 b5 35. h4 (35. Ke3 $14) 35... c3 $11 {The position is equal.} 36. g5 b4 37. Ke2 a5 38. Rd4 Ke6 39. Kd3 fxg5 40. hxg5 Kf5 41. g3 Kg4 42. Rd5 Kxg3 (42... Rc8 $5 43. Kc2 $8 Kxg3 $11) 43. Rxa5 Rd8+ 44. Kc2 Rd2+ 45. Kc1 Kxf4 {And now ...Rg2 would win.} 46. g6 Rg2 47. Ra6 Ke3 48. Re6+ Kd3 49. Rd6+ Kc4 50. Kb1 Rb2+ 51. Ka1 $1 Rd2 52. g7 Rg2 53. Kb1 Rxg7 {Strongly threatening ...Rg1+.} 54. Rc6+ Kd4 55. Rd6+ Kc5 56. Ra6 $1 Rg1+ (56... Kd5 {keeps more tension.} 57. Kc2 Rg2+ 58. Kd1 Rg8 59. Kc2 Rf8) 57. Kc2 Rg2+ 58. Kc1 Rg8 59. Ra7 Kb6 60. Ra4 $1 Kb5 61. Ra7 Rg6 62. Ra8 Rg1+ 63. Kc2 Rg2+ 64. Kc1 Rg4 65. Kc2 Rg2+ 66. Kc1 Rb2 {...Kc4 is the strong threat.} 67. Rb8+ Kc5 68. Rc8+ Kd4 69. Rd8+ Ke5 70. Re8+ Kd6 71. Rd8+ {[#]} Kc7 $1 72. Ra8 $1 Rf2 {Hoping for ...Kd6.} (72... Kc6 $5) 73. Ra4 Rb2 {aiming for ...Kd6.} 74. a3 Kc6 75. Rxb4 Rxb4 76. axb4 {KP-KP} Kb5 77. Kb1 Kxb4 {KP-K} 78. Kc2 Kc4 79. Kc1 Kd3 (79... Kb4 $5) 80. Kd1 Ke3 (80... c2+ {is interesting.} 81. Kc1 Ke2 82. Kxc2 Kf3 83. Kb3 Kg4) 81. Kc2 Kd4 82. Kc1 Kc5 (82... Kd3 $5 83. Kd1 $8 Ke4 $11) 83. Kc2 Kc4 (83... Kb4 $5) 84. Kc1 Kb3 {( -> ...c2)} 85. Kb1 c2+ 86. Kc1 Kc3 {Accuracy: White = 70%, Black = 67%.} 1/2-1/2

[Event "KAZ Cup Women 2019"]
[Site "Almaty"]
[Date "2019.12.15"]
[Round "5.2"]
[White "Balabayeva, Xeniya"]
[Black "Davletbayeva, Madina"]
[Result "1/2-1/2"]
[WhiteElo "2119"]
[BlackElo "2238"]
[Annotator "TA"]
[PlyCount "135"]
[EventDate "2019.12.12"]
[EventType "tourn"]
[EventCountry "KAZ"]
[SourceTitle "playchess.com"]
[Source "ChessBase"]
[SourceQuality "1"]

{[%evp 13,135,7,7,2,2,2,8,-15,-17,-52,10,-83,-85,-106,-121,-97,-83,-83,-77,-87,-94,-96,-95,-93,-75,-140,-137,-109,-85,-129,-102,-143,-114,-143,-149,-170,-120,-201,-122,-214,-202,-212,-193,-206,-195,-516,-506,-514,-499,-805,-188,-215,-189,-222,-139,-135,-116,-122,-129,-175,-45,-53,-53,-84,-81,-187,-101,-185,-73,-113,-113,-191,-44,-91,-91,-354,-104,-264,-104,-104,-104,-151,-104,-151,0,-151,0,-147,-66,-174,-174,-174,-174,-174,-91,-91,-91,-91,0,0,0,0,0,0,0,0,0,0,0,0,0,0,0,0,0,0,0,0,0,0,0,0,0,0]} 1. e4 e5 2. Nf3 Nc6 3. Nc3 Nf6 4. Bb5 Bd6 5. d3 h6 6. a3 a6 7. Bc4 Bc5 8. Be3 {C50: Hungarian Defence and Giuoco Pianissimo} (8. b4 Ba7 9. h3 d6 10. Ne2 Be6 11. Bxe6 fxe6 12. Ng3 O-O 13. c3 Qe8 14. O-O Nh5 15. Nxh5 Qxh5 {½-½ (24) Svidler,P (2741)-Yu,Y (2750) Shenzhen 2017}) 8... d6 9. h3 O-O 10. g4 Nh7 $146 ({Predecessor:} 10... Bxe3 11. fxe3 g5 12. Rg1 Kg7 13. h4 Nxg4 14. hxg5 hxg5 15. Nxg5 Qd7 16. d4 Kf6 {½-½ (66) Kuehn,K (1241)-Buttenmueller,H (1017) Haslach im Kinzigtal 2010}) 11. Rg1 Be6 (11... Nd4 $1 $15) 12. Nd5 (12. h4 $11 {remains equal.}) 12... Nd4 $1 $17 13. c3 Nxf3+ 14. Qxf3 b5 15. Ba2 c6 16. Nb4 Bxa2 17. Nxa2 a5 18. Nc1 b4 19. Ne2 ({White should try} 19. d4 exd4 20. cxd4) 19... bxa3 20. bxa3 Rb8 21. Kf1 Rb3 22. Bxc5 dxc5 23. Kg2 Ng5 24. Qe3 Qf6 25. Ra2 (25. a4 $17) 25... Rd8 26. Rd1 (26. a4 $17 {was worth a try.}) 26... a4 $1 $19 27. Rdd2 Ne6 28. Rab2 Rxa3 29. Rb6 $2 (29. Ra2 {is tougher.} Rxa2 30. Rxa2) 29... Nf4+ 30. Nxf4 exf4 (30... Qxf4 31. Qxf4 exf4 32. Ra6 $17) 31. Qxc5 (31. Qf3 $142 Rxc3 32. Qd1) 31... Rxc3 $2 (31... f3+ 32. Kg3 Ra1) 32. e5 Rxc5 33. exf6 {[%mdl 4096] Endgame KRR-KRR} g5 ({Weaker is} 33... gxf6 34. Ra6 $15) 34. Ra6 Rc3 $1 35. Rxa4 Rdxd3 36. Rb2 f3+ (36... Kh7 $19 37. h4 gxh4 38. Rxf4 Kg6) 37. Kh2 $1 $15 Kh7 38. Ra7 Kg6 39. Re7 (39. Ra1 $17 {might work better.}) 39... Rd6 ({Not} 39... Kxf6 40. Rbb7 $15) ({Black should play} 39... Rc1 $19 40. Reb7 Rdd1) 40. Rc7 {[#]} (40. Re1 $17) 40... Rxf6 ({But not} 40... Kxf6 41. Rbb7 $17) (40... Rd1 $1 $19 41. Re7 Rf1) 41. Rb1 h5 42. Rc8 {[#]} (42. gxh5+ $17 Kxh5 43. Rd1) 42... h4 (42... hxg4 $1 $19 43. hxg4 Rf4) 43. Rg8+ Kh6 44. Rbb8 $2 {[%mdl 8192]} (44. Rc1 $17 {was forced.} Kh7 45. Rxc3 Kxg8 46. Rc5) 44... Rg6 $2 (44... Re6 $19 {has better winning chances. ( -> ...Re2)} 45. Rh8+ Kg6 46. Rbg8+ Kf6 47. Rh6+ Ke7 48. Rxe6+ fxe6 49. Rxg5 Rc2) 45. Rgf8 $2 (45. Rh8+ $17 Kg7 46. Rhg8+ Kf6 47. Rge8) 45... Kg7 $2 (45... Re6 $19 {And now ...Re2! would win.} 46. Rh8+ Kg6 47. Rbg8+ Kf6 48. Rh6+ Ke7 49. Rxe6+ fxe6 50. Rxg5 Rc2) 46. Rg8+ $17 Kf6 47. Rge8 Rh6 48. Rbc8 Rg6 $2 (48... c5 $17 49. Kg1 Rg6) 49. Kg1 $2 ({Only move:} 49. Rb8 $1 $11) 49... Rh6 50. Kh2 $1 Rh7 (50... c5 $17 51. Kg1 Rg6) 51. Re3 (51. Rc7 $15) 51... Rxe3 $19 52. fxe3 {KR-KR} Ke5 {Threatens to win with ...f5.} 53. Rxc6 Ke4 (53... f6 $19 {aiming for ...Rd7.} 54. Kg1 Rd7) 54. Kg1 $17 Kxe3 55. Rc3+ Ke2 (55... Ke4 $17 56. Kf2 f6 57. Rxf3 Ke5) 56. Rc2+ $11 {The position is equal.} Kd3 57. Rc7 Ke3 58. Re7+ Kd4 (58... Kf4 $5 59. Kf2 $8 Rh6 60. Rxf7+ Ke4 $11) 59. Kf2 Kd5 60. Kxf3 Kd6 61. Ra7 Ke6 62. Ke4 Rg7 63. Ra6+ Ke7 64. Kf5 Ke8 65. Ra8+ Ke7 66. Ra7+ Ke8 67. Ra8+ Ke7 68. Ra7+ {Accuracy: White = 24%, Black = 46%.} 1/2-1/2

[Event "KAZ Cup Women 2019"]
[Site "Almaty"]
[Date "2019.12.15"]
[Round "5.3"]
[White "Kim, Kristina"]
[Black "Tomilova, Elena"]
[Result "0-1"]
[WhiteElo "1975"]
[BlackElo "2341"]
[Annotator "TA"]
[PlyCount "83"]
[EventDate "2019.12.12"]
[EventType "tourn"]
[EventCountry "KAZ"]
[SourceTitle "playchess.com"]
[Source "ChessBase"]
[SourceQuality "1"]

{[%evp 9,83,0,-5,3,-6,-9,-10,0,-5,-35,-33,-30,-22,-37,-22,-102,-106,-102,-102,-102,-109,-88,-80,-86,-45,-81,-77,-55,-52,-47,-50,-94,-99,-129,-122,-188,-179,-240,-163,-262,-299,-252,-154,-154,-154,-152,-126,-124,-139,-204,-209,-202,-172,-234,-224,-332,-331,-344,-262,-435,-166,-464,-460,-510,-466,-760,-731,-1129,-682,-658,-669,-636,-629,-581,-551,-818]} 1. d4 Nf6 2. Bf4 d5 3. e3 c5 4. c3 Qb6 5. Qb3 c4 (5... Nc6 6. Nd2 g6 7. Qxb6 axb6 8. Bc7 Nd7 9. Bb5 Bg7 10. Ngf3 O-O 11. O-O e6 12. a4 h6 {½-½ (52) Kovalev,V (2598)-Kovalenko,I (2684) Lisbon 2017}) 6. Qc2 {D00: 1 d4 d5: Unusual lines} g6 $1 7. Nd2 Bf5 8. Qc1 {The position is equal.} Nc6 9. b3 cxb3 $1 10. axb3 Rc8 11. Qb2 Bg7 12. h3 $146 {[#]} (12. Ngf3 $11 {keeps the balance.}) ({Predecessor:} 12. Ngf3 O-O {0-1 (35) Jovovic,M (2032)-Mrndjic,M (2199) Sarajevo 2017}) 12... e5 $1 $17 {[%cal Re5f4][%mdl 512]} 13. dxe5 {[#]} Nd7 $1 14. g4 Be6 15. Ngf3 Ncxe5 16. Nd4 O-O 17. Be2 Nc5 18. Qb1 Bd7 19. O-O Ne6 20. Bxe5 Bxe5 21. Rc1 Bb8 ({Much less strong is} 21... Nxd4 22. cxd4 Rxc1+ 23. Qxc1 $15) 22. N2f3 (22. Bf3 $17) 22... Qd6 $19 23. Kg2 {[#]} (23. Rc2 $142) 23... f5 $1 {[%mdl 512] ...fxg4 is the strong threat.} 24. gxf5 (24. Nxe6 $142 fxg4 25. hxg4 Bxe6 26. Ra4) 24... Nxd4 25. cxd4 Bxf5 26. Rxc8 Bxb1 27. Rxf8+ Qxf8 28. Rxb1 Qc8 29. Bd3 (29. Bd1 $17) 29... Qc3 30. Ne1 Bd6 31. Kf3 (31. Be2 {was necessary.}) 31... Bb4 32. Ke2 (32. Bf1 $142) 32... a5 33. h4 Kg7 34. Nf3 $2 {[#]} (34. Kf1) 34... Kf6 $2 (34... b5 $1 {[%mdl 512] Hoping for ...a4.} 35. Ne5 (35. Bxb5 Qc2+) 35... a4 36. bxa4 bxa4) 35. Ne5 $2 (35. h5) 35... Qd2+ {Black is clearly winning.} 36. Kf3 Bd6 37. Ng4+ (37. Be2 $142 Bxe5 38. dxe5+ Kxe5 39. Ra1) 37... Ke6 38. Be2 h5 39. Ne5 Bxe5 40. dxe5 Kxe5 41. Rg1 Qc2 42. Rg5+ {Accuracy: White = 26%, Black = 74%.} 0-1

[Event "KAZ Cup Women 2019"]
[Site "Almaty"]
[Date "2019.12.15"]
[Round "5.4"]
[White "Ankudinova, Yelena"]
[Black "Gvetadze, Sofio"]
[Result "0-1"]
[WhiteElo "2093"]
[BlackElo "2301"]
[Annotator "TA"]
[PlyCount "92"]
[EventDate "2019.12.12"]
[EventType "tourn"]
[EventCountry "KAZ"]
[SourceTitle "playchess.com"]
[Source "ChessBase"]
[SourceQuality "1"]

{[%evp 16,123,16,19,24,11,19,12,16,18,16,0,0,0,0,0,0,-30,0,-23,-10,-8,-23,-31,-25,-48,-15,-15,-12,-24,0,0,0,0,0,0,0,0,0,0,0,0,0,0,88,102,148,82,135,41,39,39,17,-230,-207,-1107,-1037,-29956,-29957,-29954,-9681,-29948,0,-301,0,-29949,-12842,-5617,-5293,-29958,-29958,-6191,-5406,-5222,-5206,-11931,-6614,-29980,-29968,-29968,-29968,-29980,-29981,-29981,-29982,-29982,-29983,-29972,-975,-29936,-29941,-29942,-29944,-12850,-8495,-29956,-29956,-29959,-29959,-29965,-29968,-29963,-5118,-29962,-29959,-29988,-29989,-29989,-29990,-29990]} 1. c4 e6 2. Nc3 d5 3. cxd5 exd5 4. d4 Bb4 5. Nf3 Nf6 6. Bg5 h6 7. Bxf6 Qxf6 8. e3 c5 9. Bb5+ Bd7 {Strongly threatening ...Bxb5. D38: Queen's Gambit Declined: Ragozin Defence (4 Nf3 Bb4)} 10. Bxd7+ Nxd7 11. O-O Bxc3 {The position is equal.} 12. bxc3 O-O 13. Rb1 (13. dxc5 Qc6 14. Nd4 Qxc5 15. Nf5 Nf6 16. Qd4 Qxd4 17. cxd4 {½-½ (34) Chabanon,J (2485)-Gharamian,T (2657) Nimes 2014}) 13... Qc6 14. Qb3 Rab8 15. Rfd1 c4 16. Qb5 $146 ({Predecessor:} 16. Qc2 b5 17. a3 Qd6 18. g3 a5 19. Rdc1 Rfe8 20. Qf5 Rb7 21. Ra1 g6 22. Qc2 {½-½ (22) Ergen,C-Jankowiak,A ICCF email 2006}) 16... Qe6 (16... a6 $5 {[%cal Ra6b5]} 17. Qa5 b5 $11) 17. Nd2 a6 18. Qa5 b5 19. Re1 Qc6 20. f3 Rb6 21. e4 Rfb8 22. a3 R8b7 23. exd5 Qxd5 24. Re8+ Kh7 25. Rbe1 Nf6 26. R1e5 Qc6 27. Rd8 Qc7 28. Ra8 Nd7 29. Re2 Nb8 (29... Nf6 $11) 30. Qb4 $16 a5 31. Qb1+ (31. Qf8 b4 $15) ({White should try} 31. Rxa5 Nc6 32. Qb1+ g6 33. Ra8) 31... Rg6 ({Better is} 31... g6) 32. Re8 (32. h4 $1 $16 {[%cal Rh4h5]} b4 33. cxb4 (33. axb4 axb4 34. cxb4 Rb5 $16)) 32... b4 $1 $14 {[%cal Rb4c3]} 33. axb4 axb4 34. Qe4 $2 (34. cxb4 c3 $17) (34. Qc2 $11 {and White has nothing to worry.}) 34... bxc3 $19 35. Nxc4 $2 (35. Nf1 Qc6 36. Qxc6 (36. Rexb8 $2 Rxb8 37. Qxc6 Rxc6 $19) 36... Rxc6 37. Ne3 Rb1+ 38. Kf2) 35... Qxc4 36. Qxb7 Qxd4+ 37. Kf1 Qd3+ 38. Kf2 Qd4+ $2 (38... Qd2+ {mates} 39. Re2 Qd4+ 40. Re3 c2 41. Qe4 Qxe4 42. Rxe4 c1=Q 43. g4 {[#]} f5 $1 {[%mdl 512]} 44. Re5 fxg4 45. Rxb8 Rf6 $1 {[%mdl 512]} 46. Rb3 Qc2+ {[%mdl 64] Double Attack} 47. Re2 Qxb3 48. Re3 Qb2+ 49. Kg3 gxf3 50. Re2 fxe2 51. h4 e1=Q+ 52. Kh3 Qh1+ 53. Kg4 Qf3#) 39. Kf1 {White threatens Rh8+! and mate.} Qd3+ $2 $40 {[%mdl 128] Black mounts an attack.} (39... Qd1+ $19 40. Re1 Qd3+ 41. Kf2 Qd2+ 42. Re2 Qd4+ 43. Re3 c2) 40. Kf2 $1 {aiming for Rh8+!} Qd2+ 41. Re2 Qd4+ ({Less strong is} 41... Rxg2+ 42. Kxg2 Qxe2+ 43. Kg3 $17) 42. Kf1 {[#]} c2 $1 {[%mdl 512]} 43. Qc8 (43. Rxc2 Qd1+) 43... Qd1+ 44. Re1 Re6 45. Qxe6 fxe6 46. Rxb8 c1=Q {Played: Qd1xe1} 0-1